| 000 | 00792nam a2200205Ia 4500 | ||
|---|---|---|---|
| 003 | GCL | ||
| 008 | 140319s9999 xx 000 0 ara d | ||
| 040 |
_aGCL / _cGCL |
||
| 082 | 0 | 4 |
_aق _b732.8 _bم ت |
| 100 | 1 | _aمركز تسجيل الاثار المصرية | |
| 245 | 1 | 0 |
_aالتصوير والنقش والنحت فى العصر الباكر من تاريخ مصر / _cمركز تسجيل الاثار المصرية |
| 260 |
_aالقاهرة : _bمركز تسجيل الاثار المصرية |
||
| 300 |
_aمتعدد: _bايض، صور ؛ _c23 سم |
||
| 490 |
_aالكتيبات الدراسية _v0 |
||
| 650 | 0 | 4 | _aمصر القديمة |
| 650 | 0 | 4 | _aالنحت القديم |
| 650 | 0 | 4 | _aالفن المصرى |
| 650 | 0 | 4 | _aالنقوش المعمارية |
| 942 |
_2ddc _cBK |
||
| 999 |
_c33947 _d33947 |
||